[Event "World Chess Olympiad 2018"]
[Site "Batumi"]
[Date "2018.10.04"]
[Round "10"]
[Board "2"]
[WhiteFideId "2604922"]
[White "Noritsyn Nikolay"]
[BlackFideId "13503391"]
[Black "Gurbanov Andrei"]
[Result "1-0"]
[LiveChessVersion "1.4.8"]
[BlackElo "2305"]
[WhiteElo "2482"]

1. e4 {[%clk 1:30:52]} e5 {[%clk 1:30:49]} 2. Nf3 {[%clk 1:31:14]} Nc6
{[%clk 1:31:14]} 3. d4 {[%clk 1:31:38]} exd4 {[%clk 1:31:15]} 4. Nxd4
{[%clk 1:32:02]} Bc5 {[%clk 1:30:45]} 5. Nb3 {[%clk 1:32:17]} Bb4+
{[%clk 1:31:04]} 6. c3 {[%clk 1:32:33]} Be7 {[%clk 1:31:30]} 7. Bf4
{[%clk 1:32:26]} d6 {[%clk 1:30:08]} 8. c4 {[%clk 1:29:19]} Bf6 {[%clk 1:21:32]}
9. Qd2 {[%clk 1:28:50]} Nge7 {[%clk 1:20:58]} 10. Be2 {[%clk 1:25:13]} Ng6
{[%clk 1:20:25]} 11. Be3 {[%clk 1:25:14]} O-O {[%clk 1:18:26]} 12. O-O
{[%clk 1:23:06]} a5 {[%clk 1:18:42]} 13. Nc3 {[%clk 1:11:53]} Re8
{[%clk 1:15:54]} 14. Rad1 {[%clk 1:00:43]} a4 {[%clk 1:10:37]} 15. Nd4
{[%clk 0:59:55]} a3 {[%clk 1:00:15]} 16. b3 {[%clk 0:58:44]} Nxd4
{[%clk 0:59:20]} 17. Bxd4 {[%clk 0:59:08]} Bxd4 {[%clk 0:59:42]} 18. Qxd4
{[%clk 0:59:31]} Qg5 {[%clk 1:00:08]} 19. g3 {[%clk 0:57:32]} Nf4
{[%clk 0:54:29]} 20. Bf3 {[%clk 0:56:16]} Ra5 {[%clk 0:40:21]} 21. h4
{[%clk 0:49:02]} Qg6 {[%clk 0:40:24]} 22. Qd2 {[%clk 0:44:26]} Ne6
{[%clk 0:40:11]} 23. Nd5 {[%clk 0:44:30]} b6 {[%clk 0:39:34]} 24. Bg2
{[%clk 0:32:12]} h6 {[%clk 0:34:26]} 25. Kh2 {[%clk 0:31:00]} Ra7
{[%clk 0:33:29]} 26. Rde1 {[%clk 0:26:06]} Nc5 {[%clk 0:32:52]} 27. e5
{[%clk 0:20:21]} Qd3 {[%clk 0:21:17]} 28. Qf4 dxe5 29. Rxe5 {[%clk 0:20:26]} Be6
{[%clk 0:21:32]} 30. b4 {[%clk 0:17:55]} Nd7 {[%clk 0:16:36]} 31. Re3
{[%clk 0:18:00]} Qc2 {[%clk 0:15:24]} 32. Nxc7 {[%clk 0:18:07]} Rxc7
{[%clk 0:15:06]} 33. Qxc7 {[%clk 0:18:27]} Nf6 {[%clk 0:15:08]} 34. Kg1
{[%clk 0:16:27]} Qxa2 {[%clk 0:14:41]} 35. Qxb6 {[%clk 0:08:48]} Qb2
{[%clk 0:13:38]} 36. Qa5 {[%clk 0:07:09]} a2 {[%clk 0:13:51]} 37. Qa3
{[%clk 0:06:04]} Qxa3 {[%clk 0:11:01]} 38. Rxa3 {[%clk 0:06:29]} Bxc4
{[%clk 0:11:27]} 39. Rc1 {[%clk 0:06:44]} Be6 {[%clk 0:11:20]} 40. b5
{[%clk 0:33:08]} Rd8 {[%clk 0:38:55]} 41. b6 {[%clk 0:32:12]} Rb8
{[%clk 0:37:59]} 42. b7 {[%clk 0:31:53]} 1-0

[Event "World Chess Olympiad 2018"]
[Site "Batumi"]
[Date "2018.10.04"]
[Round "10"]
[Board "3"]
[WhiteFideId "4118464"]
[White "Scerbin Dmitrij"]
[BlackFideId "4100140"]
[Black "Bareev Evgeny"]
[Result "0-1"]
[LiveChessVersion "1.4.8"]
[BlackElo "2666"]
[WhiteElo "2264"]

1. e4 {[%clk 1:30:59]} c6 {[%clk 1:30:53]} 2. d4 {[%clk 1:31:20]} d5
{[%clk 1:31:20]} 3. Nd2 {[%clk 1:31:34]} dxe4 {[%clk 1:31:21]} 4. Nxe4
{[%clk 1:32:00]} Bf5 {[%clk 1:31:48]} 5. Ng3 {[%clk 1:32:15]} Bg6
{[%clk 1:32:14]} 6. Bc4 {[%clk 1:32:31]} Nf6 {[%clk 1:29:27]} 7. N1e2
{[%clk 1:32:31]} e6 {[%clk 1:25:48]} 8. O-O {[%clk 1:32:45]} Bd6 {[%clk 1:19:38]}
9. f4 {[%clk 1:32:31]} Bf5 {[%clk 1:18:53]} 10. Nxf5 {[%clk 1:32:20]} exf5
{[%clk 1:19:20]} 11. Ng3 {[%clk 1:32:36]} g6 {[%clk 1:19:38]} 12. Re1+
{[%clk 1:32:49]} Kf8 {[%clk 1:19:54]} 13. Qf3 {[%clk 1:32:24]} Qc7
{[%clk 1:16:57]} 14. b3 {[%clk 1:31:13]} Nbd7 {[%clk 1:17:01]} 15. Re5
{[%clk 1:31:28]} Rd8 {[%clk 1:08:29]} 16. Bb2 {[%clk 1:27:24]} h5
{[%clk 1:01:48]} 17. Rae1 {[%clk 1:18:37]} h4 {[%clk 0:54:56]} 18. Nxf5
{[%clk 1:15:07]} gxf5 {[%clk 0:55:13]} 19. Rxf5 {[%clk 1:15:34]} b5
{[%clk 0:38:37]} 20. d5 {[%clk 1:04:54]} bxc4 {[%clk 0:26:08]} 21. dxc6
{[%clk 1:00:12]} Bb4 {[%clk 0:26:20]} 22. cxd7 {[%clk 0:34:51]} c3
{[%clk 0:26:26]} 23. Bc1 {[%clk 0:29:13]} Qxd7 {[%clk 0:26:05]} 24. Rg5
{[%clk 0:25:21]} Qd4+ {[%clk 0:20:32]} 25. Be3 {[%clk 0:24:49]} Qe4
{[%clk 0:20:53]} 26. Qf2 {[%clk 0:24:38]} Qc6 {[%clk 0:21:03]} 27. Bd4
{[%clk 0:09:37]} h3 {[%clk 0:18:57]} 28. gxh3 {[%clk 0:07:33]} Rxh3
{[%clk 0:19:12]} 29. Bxf6 {[%clk 0:06:34]} Qxf6 {[%clk 0:19:10]} 30. Qg2
{[%clk 0:06:31]} Rh8 {[%clk 0:19:08]} 31. Kh1 {[%clk 0:06:22]} Rd2
{[%clk 0:09:06]} 32. Qa8+ {[%clk 0:06:26]} Qd8 {[%clk 0:09:16]} 33. Qxd8+
{[%clk 0:06:25]} Rxd8 {[%clk 0:09:45]} 34. Re4 {[%clk 0:04:04]} Be7
{[%clk 0:09:33]} 35. Rg2 {[%clk 0:02:20]} Rd1+ {[%clk 0:09:57]} 36. Rg1
{[%clk 0:02:49]} Rd2 {[%clk 0:10:19]} 37. Rg2 {[%clk 0:03:03]} Bc5
{[%clk 0:05:24]} 38. Re1 {[%clk 0:02:08]} Rh4 {[%clk 0:04:42]} 0-1

[Event "World Chess Olympiad 2018"]
[Site "Batumi"]
[Date "2018.10.04"]
[Round "10"]
[Board "4"]
[WhiteFideId "2606577"]
[White "Hambleton Aman"]
[BlackFideId "14511444"]
[Black "Glazar Domagoj"]
[Result "1-0"]
[LiveChessVersion "1.4.8"]
[BlackElo "2145"]
[WhiteElo "2492"]

1. c4 {[%clk 1:30:54]} e5 {[%clk 1:30:47]} 2. g3 {[%clk 1:31:13]} Nf6
{[%clk 1:31:01]} 3. Bg2 {[%clk 1:31:36]} d5 {[%clk 1:31:03]} 4. cxd5
{[%clk 1:32:00]} Nxd5 {[%clk 1:31:23]} 5. Nc3 {[%clk 1:32:17]} Nb6
{[%clk 1:31:24]} 6. e3 {[%clk 1:32:15]} Be7 {[%clk 1:31:20]} 7. Nge2
{[%clk 1:32:31]} O-O {[%clk 1:31:33]} 8. f4 {[%clk 1:31:46]} exf4
{[%clk 1:29:52]} 9. Nxf4 {[%clk 1:32:03]} N8d7 {[%clk 1:27:45]} 10. O-O
{[%clk 1:31:48]} Nf6 {[%clk 1:26:13]} 11. b3 {[%clk 1:30:32]} c6 {[%clk 1:23:21]}
12. Bb2 {[%clk 1:29:57]} Nbd5 {[%clk 1:21:27]} 13. Ncxd5 {[%clk 1:26:19]} Nxd5
{[%clk 1:20:32]} 14. Bxd5 {[%clk 1:26:26]} cxd5 {[%clk 1:20:09]} 15. Qf3
{[%clk 1:26:43]} Bg5 {[%clk 1:13:24]} 16. Nh5 {[%clk 1:20:09]} Bh6
{[%clk 1:10:34]} 17. Ba3 {[%clk 1:20:10]} Bh3 {[%clk 1:06:29]} 18. Bxf8
{[%clk 1:19:18]} Qxf8 {[%clk 1:02:37]} 19. Rf2 {[%clk 1:18:45]} Be6
{[%clk 1:02:17]} 20. Nf4 {[%clk 1:18:57]} Bxf4 {[%clk 1:02:09]} 21. exf4
{[%clk 1:14:35]} g6 {[%clk 0:58:05]} 22. g4 {[%clk 1:10:42]} Bd7 {[%clk 0:55:45]}
23. Re1 {[%clk 1:07:13]} Bc6 {[%clk 0:55:04]} 24. f5 {[%clk 1:00:53]} Re8
{[%clk 0:51:25]} 25. Rxe8 {[%clk 1:00:27]} Qxe8 {[%clk 0:51:52]} 26. Qe3
{[%clk 0:59:37]} Qd8 {[%clk 0:50:43]} 27. f6 {[%clk 0:56:07]} Qf8
{[%clk 0:50:13]} 28. d4 {[%clk 0:53:32]} Bd7 {[%clk 0:47:37]} 29. Qe7
{[%clk 0:52:04]} Qc8 {[%clk 0:46:56]} 30. Rc2 {[%clk 0:52:10]} Bc6
{[%clk 0:46:46]} 31. h3 {[%clk 0:52:26]} h5 {[%clk 0:45:47]} 32. gxh5
{[%clk 0:51:24]} Qxh3 {[%clk 0:45:41]} 33. Qd8+ {[%clk 0:51:36]} Kh7
{[%clk 0:44:22]} 34. hxg6+ {[%clk 0:51:58]} 1-0

[Event "World Chess Olympiad 2018"]
[Site "Batumi"]
[Date "2018.10.04"]
[Round "10"]
[Board "1"]
[WhiteFideId "5201322"]
[White "Paciencia Enrique"]
[BlackFideId "4101898"]
[Black "Babarykin Stanislav"]
[Result "1-0"]
[LiveChessVersion "1.4.8"]
[BlackElo "2396"]
[WhiteElo "2335"]

1. d4 {[%clk 1:30:45]} d5 {[%clk 1:30:24]} 2. c4 {[%clk 1:30:45]} c6
{[%clk 1:30:44]} 3. Nf3 {[%clk 1:30:45]} Nf6 {[%clk 1:31:04]} 4. e3
{[%clk 1:30:41]} a6 {[%clk 1:30:57]} 5. Bd3 {[%clk 1:29:45]} Bg4 {[%clk 1:30:54]}
6. Nbd2 {[%clk 1:28:36]} Nbd7 {[%clk 1:24:17]} 7. Qc2 {[%clk 1:26:58]} e6
{[%clk 1:24:03]} 8. b3 {[%clk 1:25:07]} Bd6 {[%clk 1:17:52]} 9. Bb2
{[%clk 1:25:01]} Qb8 {[%clk 1:18:20]} 10. h3 {[%clk 1:20:59]} Bxf3
{[%clk 1:06:44]} 11. Nxf3 {[%clk 1:20:40]} h6 {[%clk 0:57:21]} 12. O-O
{[%clk 1:19:20]} O-O {[%clk 0:57:49]} 13. Rfd1 {[%clk 1:16:05]} Re8
{[%clk 0:56:50]} 14. Rac1 {[%clk 1:11:05]} e5 {[%clk 0:56:45]} 15. dxe5
{[%clk 1:08:59]} Nxe5 {[%clk 0:57:09]} 16. Bxe5 {[%clk 1:07:21]} Bxe5
{[%clk 0:57:03]} 17. cxd5 {[%clk 1:04:57]} Nxd5 {[%clk 0:57:15]} 18. Bc4
{[%clk 1:02:05]} Nb6 {[%clk 0:56:25]} 19. Bf1 {[%clk 0:57:12]} Qc7
{[%clk 0:51:07]} 20. Qc5 {[%clk 0:48:51]} Bf6 {[%clk 0:42:42]} 21. Qf5
{[%clk 0:41:41]} Qe7 {[%clk 0:34:53]} 22. Qa5 {[%clk 0:39:38]} Nd5
{[%clk 0:35:22]} 23. Bc4 {[%clk 0:38:01]} b6 {[%clk 0:35:51]} 24. Qd2
{[%clk 0:37:21]} Rad8 {[%clk 0:20:19]} 25. Qc2 {[%clk 0:26:06]} Nb4
{[%clk 0:19:30]} 26. Qb1 {[%clk 0:25:57]} b5 {[%clk 0:16:40]} 27. Bf1
{[%clk 0:26:05]} c5 {[%clk 0:13:39]} 28. a4 {[%clk 0:20:46]} Nd5 {[%clk 0:12:44]}
29. axb5 {[%clk 0:19:21]} axb5 {[%clk 0:09:06]} 30. Bxb5 {[%clk 0:18:02]} Rf8
{[%clk 0:06:23]} 31. Qc2 {[%clk 0:16:51]} Nc3 {[%clk 0:05:50]} 32. Rxd8
{[%clk 0:17:10]} Rxd8 {[%clk 0:06:18]} 33. Bc4 {[%clk 0:17:27]} Qe4
{[%clk 0:05:40]} 34. Qb2 {[%clk 0:14:32]} Qa8 {[%clk 0:02:36]} 35. Qc2
{[%clk 0:08:39]} Qe4 {[%clk 0:02:46]} 36. Qxe4 {[%clk 0:06:55]} Nxe4
{[%clk 0:03:15]} 37. Rc2 {[%clk 0:05:49]} Rd1+ {[%clk 0:00:56]} 38. Kh2
{[%clk 0:06:13]} Kf8 {[%clk 0:00:49]} 39. Be2 {[%clk 0:05:35]} Rd8
{[%clk 0:00:32]} 40. Bc4 {[%clk 0:34:49]} Rd1 {[%clk 0:30:35]} 41. g3
{[%clk 0:34:16]} Ke7 {[%clk 0:30:02]} 42. Kg2 {[%clk 0:33:56]} Rb1
{[%clk 0:27:58]} 43. Bd3 {[%clk 0:33:40]} Nd6 {[%clk 0:23:42]} 44. Nd2
{[%clk 0:25:43]} Rb2 {[%clk 0:24:11]} 45. Rxb2 {[%clk 0:25:27]} Bxb2
{[%clk 0:24:40]} 46. Kf3 {[%clk 0:25:38]} Bc3 {[%clk 0:16:43]} 47. Ke2
{[%clk 0:25:22]} Ba5 {[%clk 0:16:33]} 48. e4 {[%clk 0:24:54]} f6 {[%clk 0:16:08]}
49. Nf1 {[%clk 0:24:31]} Ke6 {[%clk 0:15:14]} 50. f4 {[%clk 0:23:47]} Nc8
{[%clk 0:08:40]} 51. Bc4+ {[%clk 0:22:40]} Kd7 {[%clk 0:08:44]} 52. Kd3
{[%clk 0:20:51]} Be1 {[%clk 0:08:21]} 53. Ke2 {[%clk 0:20:24]} Bc3
{[%clk 0:08:35]} 54. h4 {[%clk 0:19:42]} Ne7 {[%clk 0:07:01]} 55. Ne3
{[%clk 0:19:21]} Bd4 {[%clk 0:07:09]} 56. h5 {[%clk 0:18:08]} Kc7
{[%clk 0:07:19]} 57. Kd3 {[%clk 0:17:49]} Bb2 {[%clk 0:06:46]} 58. Bf7
{[%clk 0:17:29]} Bd4 {[%clk 0:05:55]} 59. Be8 {[%clk 0:16:45]} Kd8
{[%clk 0:06:03]} 60. Ba4 Kc7 61. Nd1 {[%clk 0:16:06]} Nc8 {[%clk 0:04:38]} 62.
Ne3 {[%clk 0:12:50]} Ne7 {[%clk 0:05:07]} 63. Bb5 {[%clk 0:12:39]} Kb6
{[%clk 0:04:44]} 64. Be8 {[%clk 0:12:56]} Kc7 {[%clk 0:05:12]} 65. Nd1
{[%clk 0:12:30]} Nc8 {[%clk 0:04:48]} 66. Bf7 {[%clk 0:12:20]} Kd7
{[%clk 0:04:20]} 67. b4 {[%clk 0:12:09]} Bg1 {[%clk 0:04:41]} 68. b5
{[%clk 0:10:16]} Bh2 {[%clk 0:04:15]} 69. e5 {[%clk 0:10:08]} fxe5
{[%clk 0:04:26]} 70. fxe5 {[%clk 0:10:33]} Bxg3 {[%clk 0:04:26]} 71. Ke4
{[%clk 0:10:35]} Nb6 {[%clk 0:00:56]} 72. Ne3 {[%clk 0:10:50]} Ke7
{[%clk 0:00:35]} 73. Bd5 {[%clk 0:10:36]} 1-0

[Event "World Chess Olympiad 2018"]
[Site "Batumi"]
[Date "2018.10.04"]
[Round "10"]
[Board "2"]
[WhiteFideId "4107101"]
[White "Meshkov Yuri A."]
[BlackFideId "8602425"]
[Black "Gong Qianyun"]
[Result "0-1"]
[LiveChessVersion "1.4.8"]
[BlackElo "2321"]
[WhiteElo "2313"]

1. e4 {[%clk 1:30:56]} e6 {[%clk 1:30:55]} 2. d4 {[%clk 1:31:16]} d5
{[%clk 1:31:19]} 3. Nd2 {[%clk 1:31:27]} Be7 {[%clk 1:31:27]} 4. Ngf3
{[%clk 1:30:57]} Nf6 {[%clk 1:31:44]} 5. e5 {[%clk 1:30:14]} Nfd7
{[%clk 1:32:05]} 6. c3 {[%clk 1:29:59]} c5 {[%clk 1:32:20]} 7. Bd3
{[%clk 1:28:19]} Nc6 {[%clk 1:32:42]} 8. O-O {[%clk 1:13:38]} O-O
{[%clk 1:32:45]} 9. Re1 {[%clk 1:09:17]} f6 {[%clk 1:32:41]} 10. exf6
{[%clk 1:08:52]} Nxf6 {[%clk 1:33:02]} 11. dxc5 {[%clk 1:08:09]} Bxc5
{[%clk 1:33:25]} 12. b4 {[%clk 1:01:45]} Bxf2+ {[%clk 1:17:42]} 13. Kxf2
{[%clk 1:02:09]} Qb6+ {[%clk 1:18:07]} 14. Kf1 {[%clk 1:01:55]} Ng4
{[%clk 1:18:17]} 15. Re2 {[%clk 1:02:16]} e5 {[%clk 1:09:23]} 16. Qb3
{[%clk 1:00:54]} Be6 {[%clk 1:04:59]} 17. h3 {[%clk 1:00:26]} Nf6
{[%clk 0:43:59]} 18. Nc4 {[%clk 0:47:02]} dxc4 {[%clk 0:40:38]} 19. Bxc4
{[%clk 0:47:27]} Bxc4 {[%clk 0:40:52]} 20. Qxc4+ {[%clk 0:47:53]} Kh8
{[%clk 0:41:19]} 21. Be3 {[%clk 0:48:02]} Qd8 {[%clk 0:36:59]} 22. Bc5
{[%clk 0:34:27]} Re8 {[%clk 0:37:08]} 23. Rd2 {[%clk 0:33:29]} Qc8
{[%clk 0:37:21]} 24. Kg1 {[%clk 0:26:42]} Qf5 {[%clk 0:30:43]} 25. Re2
{[%clk 0:19:43]} Rac8 {[%clk 0:27:48]} 26. Rf1 {[%clk 0:11:26]} b6
{[%clk 0:23:02]} 27. Bf2 {[%clk 0:08:24]} e4 {[%clk 0:16:50]} 28. Nd2
{[%clk 0:07:17]} Ne5 {[%clk 0:15:33]} 29. Qb3 {[%clk 0:06:24]} Qh5
{[%clk 0:08:54]} 30. Re3 {[%clk 0:07:05]} Qg6 {[%clk 0:04:25]} 31. Rg3 Qh6
{[%clk 0:03:08]} 32. Re3 {[%clk 0:04:45]} Neg4 {[%clk 0:02:32]} 33. hxg4
{[%clk 0:04:40]} Nxg4 {[%clk 0:03:00]} 34. Rh3 {[%clk 0:04:10]} Qxd2
{[%clk 0:03:25]} 35. Bd4 {[%clk 0:04:30]} Rf8 {[%clk 0:03:12]} 36. Rd1
{[%clk 0:03:37]} Qg5 {[%clk 0:03:02]} 37. Qc2 {[%clk 0:03:44]} Rce8
{[%clk 0:02:45]} 38. c4 {[%clk 0:03:49]} h6 {[%clk 0:02:22]} 39. Qc3
{[%clk 0:33:28]} e3 {[%clk 0:32:04]} 40. Re1 {[%clk 0:33:10]} e2 {[%clk 0:32:00]}
41. Qd3 {[%clk 0:32:25]} Qf4 {[%clk 0:31:05]} 0-1

[Event "World Chess Olympiad 2018"]
[Site "Batumi"]
[Date "2018.10.04"]
[Round "10"]
[Board "3"]
[WhiteFideId "5804167"]
[White "Lee Qing Aun"]
[BlackFideId "1103520"]
[Black "Dukaczewski Piotr"]
[Result "1-0"]
[LiveChessVersion "1.4.8"]
[BlackElo "2259"]
[WhiteElo "2297"]

1. e4 c5 2. Nf3 d6 3. d4 cxd4 4. Nxd4 Nf6 5. Nc3 Nc6 6. Bg5 e6 7. Qd2 a6 8. O-O-O
Bd7 9. f4 h6 10. Bh4 Nxe4 11. Qe1 Nf6 12. Nf5 Qa5 13. Nxd6+ Bxd6 14. Rxd6 Qc7 15.
Rd2 O-O-O 16. Bxf6 gxf6 17. Qh4 f5 18. Be2 Be8 19. Rhd1 Rxd2 20. Rxd2 Qe7 21. Qh3
Qc7 22. Qe3 Ne7 23. Bh5 Rg8 24. g3 Kb8 25. Qd4 Ng6 26. a4 Bc6 27. Bxg6 fxg6 28.
Qf6 Qc8 29. Rd6 g5 30. Qxh6 gxf4 31. Qxf4 Ka8 32. Qe5 Re8 33. h4 Bf3 34. b3 Re7
35. Kb2 Qc7 36. Qh8+ Ka7 37. Qd4+ b6 38. a5 Bc6 39. Na4 1-0

[Event "World Chess Olympiad 2018"]
[Site "Batumi"]
[Date "2018.10.04"]
[Round "10"]
[Board "4"]
[WhiteFideId "2205505"]
[White "Palacios Perez Manuel"]
[BlackFideId "5804809"]
[Black "Lee Jun Wei"]
[Result "0-1"]
[LiveChessVersion "1.4.8"]
[BlackElo "2134"]
[WhiteElo "2151"]

1. e4 e6 2. d4 d5 3. Bd3 dxe4 4. Bxe4 Nf6 5. Bf3 c5 6. Ne2 Nc6 7. Be3 cxd4 8.
Nxd4 Ne5 9. O-O Be7 10. Nc3 O-O 11. Be2 Bd7 12. f4 Nc6 13. Nb3 Qc7 14. Nb5 Qb8
15. Bf3 Nb4 16. Nc3 Rd8 17. Qe2 Bc6 18. Bxc6 Nxc6 19. Rad1 Rxd1 20. Rxd1 Bf8 21.
h3 Ne7 22. Rf1 Nf5 23. Bf2 Qxf4 24. Bxa7 Qc7 25. Bf2 Bb4 26. Nb5 Qc8 27. a3 Bf8
28. Rd1 Ra6 29. Qd3 Nd6 30. Nxd6 Rxd6 31. Qe2 Rc6 32. c3 Nd5 33. Nd4 Rc4 34. Nb3
Rc6 35. Nd4 Rc4 36. Kh1 Bxa3 37. Ra1 Bf8 38. Bg3 h6 39. Ra5 Rc5 40. Ra7 Nf6 41.
Qf3 Rd5 42. Qe2 Bc5 43. Ra4 Qd8 44. Bf2 Kh7 45. b4 Bf8 46. Bg3 Bd6 47. Bh4 Be5
48. Bf2 Bb8 49. Ra1 Qc7 50. Qc2+ Kg8 51. Nf3 Rf5 52. Ba7 g6 53. Bxb8 Qxb8 54. Nd4
Rg5 55. Rf1 Nh5 56. Rf3 e5 57. Ne2 Qd6 58. Qb3 Qe7 59. Qc4 Nf6 60. Kh2 Kg7 61.
Ng3 e4 62. Re3 Re5 63. Qd4 Kh7 64. Kg1 h5 65. c4 h4 66. Ne2 Ne8 67. Nf4 Nd6 68.
Nd5 Qe6 69. Nc7 Qf6 70. Qc3 Qg5 71. Nd5 b5 72. c5 Nc4 73. Rxe4 Rxd5 74. Qf3 Ne5
75. Rxe5 Qxe5 76. Qxf7+ Kh6 77. Qf8+ Kg5 0-1

[Event "World Chess Olympiad 2018"]
[Site "Batumi"]
[Date "2018.10.04"]
[Round "10"]
[Board "1"]
[WhiteFideId "8700281"]
[White "Kayonde Andrew"]
[BlackFideId "3208923"]
[Black "Smirnov Anton"]
[Result "0-1"]
[LiveChessVersion "1.4.8"]
[BlackElo "2549"]
[WhiteElo "2393"]

1. d4 {[%clk 1:29:48]} Nf6 {[%clk 1:30:53]} 2. c4 {[%clk 1:29:32]} e6
{[%clk 1:31:19]} 3. Nc3 {[%clk 1:29:50]} Bb4 {[%clk 1:31:43]} 4. e3
{[%clk 1:30:12]} O-O {[%clk 1:32:08]} 5. Nge2 {[%clk 1:30:37]} Re8
{[%clk 1:32:34]} 6. a3 {[%clk 1:30:44]} Bf8 {[%clk 1:33:00]} 7. Ng3
{[%clk 1:30:07]} d5 {[%clk 1:32:56]} 8. Bd3 {[%clk 1:30:24]} dxc4
{[%clk 1:32:15]} 9. Bxc4 {[%clk 1:30:44]} c5 {[%clk 1:32:41]} 10. O-O
{[%clk 1:30:59]} cxd4 {[%clk 1:32:22]} 11. exd4 {[%clk 1:31:21]} Nbd7
{[%clk 1:32:09]} 12. Bf4 {[%clk 1:28:00]} a6 {[%clk 1:21:55]} 13. a4
{[%clk 1:13:35]} b6 {[%clk 1:17:54]} 14. Rc1 {[%clk 0:49:24]} Bb7
{[%clk 1:15:19]} 15. Re1 {[%clk 0:49:48]} Ra7 {[%clk 1:06:10]} 16. d5
{[%clk 0:39:29]} exd5 {[%clk 1:04:54]} 17. Rxe8 {[%clk 0:39:54]} Qxe8
{[%clk 1:05:18]} 18. Nxd5 {[%clk 0:40:17]} Nxd5 {[%clk 1:05:38]} 19. Bxd5
{[%clk 0:40:41]} Bxd5 {[%clk 1:05:50]} 20. Qxd5 {[%clk 0:41:06]} Nc5
{[%clk 1:05:51]} 21. Rc4 {[%clk 0:31:23]} Rd7 {[%clk 0:58:20]} 22. Qe5
{[%clk 0:30:33]} Re7 {[%clk 0:58:35]} 23. Qh5 {[%clk 0:30:57]} Re1+
{[%clk 0:58:57]} 24. Nf1 {[%clk 0:31:18]} Re4 {[%clk 0:59:05]} 25. Rxe4
{[%clk 0:27:57]} Qxe4 {[%clk 0:59:06]} 26. Qe5 {[%clk 0:27:51]} Qxe5
{[%clk 0:53:41]} 27. Bxe5 {[%clk 0:28:16]} Nxa4 {[%clk 0:54:06]} 28. Nd2
{[%clk 0:24:27]} f6 {[%clk 0:52:28]} 29. Bd4 {[%clk 0:24:50]} Kf7
{[%clk 0:48:45]} 30. b3 {[%clk 0:20:19]} Nc5 {[%clk 0:49:10]} 31. Kf1
{[%clk 0:20:04]} Ke6 {[%clk 0:48:59]} 32. Ke2 {[%clk 0:20:32]} Kd5
{[%clk 0:49:18]} 33. Be3 {[%clk 0:20:56]} b5 {[%clk 0:49:35]} 34. Kd1
{[%clk 0:21:19]} Ne4 {[%clk 0:46:16]} 35. Nb1 {[%clk 0:21:01]} Bc5
{[%clk 0:41:39]} 36. Bxc5 {[%clk 0:21:26]} Kxc5 {[%clk 0:41:44]} 37. f3
{[%clk 0:21:52]} Nd6 {[%clk 0:41:50]} 38. Kd2 {[%clk 0:22:12]} Kb4
{[%clk 0:40:30]} 39. Kc2 {[%clk 0:20:55]} Nf5 {[%clk 0:40:53]} 40. Kb2
{[%clk 0:51:22]} Nd4 {[%clk 1:10:38]} 41. Nd2 {[%clk 0:51:48]} f5
{[%clk 1:10:30]} 42. g4 {[%clk 0:51:45]} g6 {[%clk 1:10:06]} 43. h4
{[%clk 0:51:34]} h6 {[%clk 1:09:59]} 44. h5 {[%clk 0:51:25]} gxh5
{[%clk 1:05:57]} 45. gxh5 {[%clk 0:51:49]} a5 {[%clk 0:59:10]} 46. f4
{[%clk 0:44:35]} Ne2 {[%clk 0:58:29]} 47. Nf1 {[%clk 0:42:02]} Nxf4
{[%clk 0:57:31]} 48. Ne3 {[%clk 0:42:19]} Nxh5 {[%clk 0:57:44]} 49. Nxf5
{[%clk 0:42:41]} Nf4 {[%clk 0:58:10]} 50. Nxh6 {[%clk 0:42:48]} Nd3+
{[%clk 0:58:35]} 51. Kc2 {[%clk 0:43:12]} Nc5 {[%clk 0:59:02]} 52. Nf5
{[%clk 0:43:23]} Nxb3 {[%clk 0:59:27]} 0-1

[Event "World Chess Olympiad 2018"]
[Site "Batumi"]
[Date "2018.10.04"]
[Round "10"]
[Board "2"]
[WhiteFideId "3205207"]
[White "Illingworth Max"]
[BlackFideId "8700680"]
[Black "Munenga Douglas D"]
[Result "1/2-1/2"]
[LiveChessVersion "1.4.8"]
[BlackElo "2273"]
[WhiteElo "2512"]

1. d4 {[%clk 1:30:54]} Nf6 {[%clk 1:27:17]} 2. Bg5 {[%clk 1:31:16]} e6
{[%clk 1:25:39]} 3. e4 {[%clk 1:31:17]} Be7 {[%clk 1:24:32]} 4. Nc3
{[%clk 1:27:45]} d5 {[%clk 1:22:35]} 5. e5 {[%clk 1:27:58]} Nfd7 {[%clk 1:23:03]}
6. Bxe7 {[%clk 1:27:15]} Qxe7 {[%clk 1:23:26]} 7. Qh5 {[%clk 1:27:08]} a6
{[%clk 1:22:50]} 8. Nf3 {[%clk 1:21:21]} c5 {[%clk 1:23:03]} 9. dxc5
{[%clk 1:21:27]} Nc6 {[%clk 1:22:57]} 10. Bd3 {[%clk 1:19:24]} Nxc5
{[%clk 1:22:26]} 11. O-O-O {[%clk 1:18:16]} Bd7 {[%clk 1:20:12]} 12. Kb1
{[%clk 1:18:11]} O-O-O {[%clk 1:19:16]} 13. Rhe1 {[%clk 1:14:20]} Kb8
{[%clk 1:11:29]} 14. Qg4 {[%clk 1:11:33]} h5 {[%clk 1:09:07]} 15. Qf4
{[%clk 1:11:34]} Ka8 {[%clk 1:08:36]} 16. Ne2 {[%clk 1:11:40]} Rc8
{[%clk 1:08:45]} 17. Ned4 {[%clk 1:10:41]} Nxd4 {[%clk 1:08:39]} 18. Nxd4
{[%clk 1:10:36]} Rc7 {[%clk 1:07:09]} 19. Qe3 {[%clk 1:06:00]} Rhc8
{[%clk 1:05:52]} 20. Rc1 {[%clk 1:05:21]} Na4 {[%clk 0:52:17]} 21. Qd2
{[%clk 1:03:12]} Rc3 {[%clk 0:45:05]} 22. Rcd1 {[%clk 0:56:20]} Kb8
{[%clk 0:20:52]} 23. Ka1 {[%clk 0:54:31]} R3c7 {[%clk 0:19:38]} 24. f4
{[%clk 0:54:35]} g6 {[%clk 0:19:56]} 25. Rc1 {[%clk 0:50:57]} Qc5
{[%clk 0:19:50]} 26. c3 {[%clk 0:49:48]} b5 {[%clk 0:17:08]} 27. Nb3
{[%clk 0:48:52]} Qb6 {[%clk 0:17:28]} 28. Kb1 {[%clk 0:48:54]} a5
{[%clk 0:13:21]} 29. Qe3 {[%clk 0:47:54]} Kb7 {[%clk 0:13:41]} 30. a3
{[%clk 0:47:09]} Nc5 {[%clk 0:13:14]} 31. Nxc5+ {[%clk 0:47:23]} Rxc5
{[%clk 0:12:50]} 32. Qd4 {[%clk 0:47:31]} R5c7 {[%clk 0:12:14]} 33. Rc2
{[%clk 0:45:57]} b4 {[%clk 0:07:47]} 34. Qxb6+ {[%clk 0:45:39]} Kxb6
{[%clk 0:08:14]} 35. cxb4 {[%clk 0:45:00]} axb4 {[%clk 0:08:43]} 36. Rec1
{[%clk 0:39:49]} Rxc2 {[%clk 0:07:49]} 37. Rxc2 {[%clk 0:40:13]} Rxc2
{[%clk 0:08:04]} 38. Kxc2 {[%clk 0:40:31]} bxa3 {[%clk 0:08:24]} 39. bxa3
{[%clk 0:40:51]} Bb5 {[%clk 0:06:29]} 40. Bxb5 {[%clk 1:08:05]} Kxb5
{[%clk 0:36:58]} 41. Kb3 {[%clk 1:07:28]} h4 {[%clk 0:37:05]} 42. a4+
{[%clk 1:03:37]} Ka5 {[%clk 0:34:45]} 1/2-1/2